000 00489nam a2200181Ia 4500
001 24343
005 20260414151037.0
008 260414t2016||||xx |||||||||||||| ||spa||
041 _aESP
082 _a345.4
_bI25
100 _aIberico Castañeda, Luis Fernando
_eAUT
245 0 _aLa impugnación en el proceso penal :
_banálisis doctrinario y jurisprudencial
260 _c2016
300 _a279 páginas :
_c25 cm.
650 _aDER
654 _aCDE
942 _cLIB
_dJUS
_fJUS
_2ddc
_n
999 _c24343
_d24343